Handbook of Christian apologetics : (Record no. 4750)
[ view plain ]
| 000 -LEADER | |
|---|---|
| fixed length control field | 01365cam a2200301 a 4500 |
| 001 - CONTROL NUMBER | |
| control field | 74499 |
| 003 - CONTROL NUMBER IDENTIFIER | |
| control field | GBCCL |
| 005 - DATE AND TIME OF LATEST TRANSACTION | |
| control field | 20241126110525.0 |
| 008 - FIXED-LENGTH DATA ELEMENTS--GENERAL INFORMATION | |
| fixed length control field | 940106s1994 ilu b 001 0 eng |
| 010 ## - | |
| -- | 94000415 |
| 020 ## - INTERNATIONAL STANDARD BOOK NUMBER | |
| International Standard Book Number | 0830817743 (pbk.) |
| 020 ## - INTERNATIONAL STANDARD BOOK NUMBER | |
| International Standard Book Number | 0830816917 (bound) |
| 035 ## - SYSTEM CONTROL NUMBER | |
| System control number | (OCoLC)29670583 |
| 040 ## - CATALOGING SOURCE | |
| Original cataloging agency | DLC |
| Transcribing agency | DLC |
| Modifying agency | ABF |
| -- | PGC |
| -- | DTM |
| -- | LBB |
| 049 ## - | |
| -- | LBBK |
| -- | LBBA |
| 050 00 - | |
| -- | BT1102 |
| -- | .K724 1994 |
| 082 00 - DEWEY DECIMAL CLASSIFICATION NUMBER | |
| Classification number | 239 |
| Edition information | 20 |
| Item number | KRE |
| 090 ## - LOCALLY ASSIGNED LC-TYPE CALL NUMBER (OCLC); LOCAL CALL NUMBER (RLIN) | |
| Classification number (OCLC) (R) ; Classification number, CALL (RLIN) (NR) | BT1102 |
| Local cutter number (OCLC) ; Book number/undivided call number, CALL (RLIN) | .K724 1994 |
| 100 1# - MAIN ENTRY--PERSONAL NAME | |
| Personal name | Kreeft, Peter. |
| 9 (RLIN) | 8670 |
| 245 10 - TITLE STATEMENT | |
| Title | Handbook of Christian apologetics : |
| Remainder of title | hundreds of answers to crucial questions / |
| Statement of responsibility, etc. | Peter Kreeft and Ronald K. Tacelli. |
| 260 ## - PUBLICATION, DISTRIBUTION, ETC. | |
| Place of publication, distribution, etc. | Downers Grove, Ill. : |
| Name of publisher, distributor, etc. | InterVarsity Press, |
| Date of publication, distribution, etc. | c1994. |
| 300 ## - PHYSICAL DESCRIPTION | |
| Extent | 406 p. ; |
| Dimensions | 23 cm. |
| 504 ## - BIBLIOGRAPHY, ETC. NOTE | |
| Bibliography, etc. note | Includes bibliographical references (p. [393]-399) and indexes. |
| 505 0# - FORMATTED CONTENTS NOTE | |
| Formatted contents note | The nature, power & limitations of apologetics -- Faith & reason -- Twenty arguments for the existence of God -- The nature of God -- Four problems of cosmology -- The problem of evil -- The divinity of Christ -- The Resurrection -- The Bible : myth or history? -- Life after death -- Heaven -- Hell -- Salvation -- Christianity & other religions -- Objective truth -- The bottom line. |
| 650 #0 - SUBJECT ADDED ENTRY--TOPICAL TERM | |
| Topical term or geographic name entry element | Apologetics |
| Chronological subdivision | 20th century. |
| 9 (RLIN) | 1383 |
| 700 1# - ADDED ENTRY--PERSONAL NAME | |
| Personal name | Tacelli, Ronald K. |
| Fuller form of name | (Ronald Keith), |
| Dates associated with a name | 1947- |
| 9 (RLIN) | 8671 |
| 942 ## - ADDED ENTRY ELEMENTS (KOHA) | |
| Source of classification or shelving scheme | Dewey Decimal Classification |
| Koha item type | Books |
| Koha issues (borrowed), all copies | 97 |
| Withdrawn status | Lost status | Source of classification or shelving scheme | Damaged status | Not for loan | Home library | Current Library | Shelving location | Date acquired | Total checkouts | Total renewals | Full call number | Barcode | Date last seen | Date last checked out | Copy number | Price effective from | Koha item type |
|---|---|---|---|---|---|---|---|---|---|---|---|---|---|---|---|---|---|
| Dewey Decimal Classification | GRACE BIBLE COLLEGE | GRACE BIBLE COLLEGE | Theology | 2018-02-05 | 25 | 5 | 239 KRE | 014525 | 2025-07-14 | 2025-07-07 | c.1 | 2018-02-05 | Books | ||||
| Dewey Decimal Classification | GRACE BIBLE COLLEGE | GRACE BIBLE COLLEGE | Theology | 2018-02-05 | 16 | 2 | 239 KRE | 014526 | 2025-05-01 | 2024-10-03 | c.2 | 2018-02-05 | Books | ||||
| Dewey Decimal Classification | GRACE BIBLE COLLEGE | GRACE BIBLE COLLEGE | Theology | 2018-02-05 | 6 | 1 | 239 KRE | 014527 | 2025-05-01 | 2019-10-31 | c.3 | 2018-02-05 | Books | ||||
| Dewey Decimal Classification | GRACE BIBLE COLLEGE | GRACE BIBLE COLLEGE | Theology | 2018-02-05 | 27 | 2 | 239 KRE | 014528 | 2026-03-02 | 2026-02-26 | c.4 | 2018-02-05 | Books | ||||
| Dewey Decimal Classification | GRACE BIBLE COLLEGE | GRACE BIBLE COLLEGE | Theology | 2018-02-05 | 27 | 3 | 239 KRE | 014529 | 2025-07-07 | 2025-07-04 | c.5 | 2018-02-05 | Books |